Statistics for Fictional Characters Merged with Spanish Celebrities

Click here to take the quiz!

General Stats

  • This quiz has been taken 81 times
  • The average score is 8 of 18

Answer Stats

Answer% Correct
Batman
96%
Tarzan
88%
Cinderella
85%
Leia Organa
85%
Captain America
83%
Sherif Woody
83%
Maleficent
58%
Waluigi
50%
Salvador Dali
47%
Penelope Cruz
45%
Antonio Banderas
21%
Rafael Nadal
19%
Gerard Piqué
17%
Pablo Picasso
13%
Pedro Almodovar
10%
Rubeus Hagrid
10%
Elsa Pataky
8%
Rossy de Palma
3%

Score Distribution

Percentile by Number Answered

Percent of People with Each Score

Your Score History

You have not taken this quiz